00297nam a2200109 a 4500008004100000050001600041100002600057245004100083260003200124300002200156350000900178120416s1971 ||||||||||||||||| || u aHG 4011 Dob aDobrovolsky, Sergei P14aThe economics of corporation finance aNew YorkbMcGraw-Hillc1971 axii, 347p. : ill. a0.00